| 000 | 01030cam a2200289 a 4500 | ||
|---|---|---|---|
| 001 | 3922793 | ||
| 003 | ARRUPE | ||
| 005 | 20150915123623.0 | ||
| 008 | 920506s1992 nyua b 001 0aeng | ||
| 010 | _a 92017040 | ||
| 020 | _a0306443260 | ||
| 040 |
_aDLC _cDLC _dDLC |
||
| 043 | _an-us--- | ||
| 050 | 0 | 0 |
_aQC16.W55 _b 1992 |
| 082 | 0 | 0 |
_a530/.092 _aB _220 |
| 100 | 1 |
_aWigner, Eugene Paul, _d1902- _914150 |
|
| 245 | 1 | 4 | _aThe recollections of Eugene P. Wigner as told to Andrew Szanton. |
| 260 |
_aNew York : _bBasic Books, _cc1992. |
||
| 300 |
_axxiv, 335 p. : _bill. ; _c22 cm. |
||
| 504 | _aIncludes bibliographical references (p. 319-324) and index. | ||
| 600 | 1 | 0 |
_aWigner, Eugene Paul, _d1902-1995. _914151 |
| 650 | 0 |
_aPhysicists _zUnited States _xBiography. _914152 |
|
| 700 | 1 |
_aSzanton, Andrew. _914153 |
|
| 906 |
_a7 _bcbc _corignew _d1 _eocip _f19 _gy-gencatlg |
||
| 942 |
_2lcc _cMONOGRAPH |
||
| 999 |
_c121740 _d121740 |
||